Euro 2024 Quarter Finals - Netherlands - Turkey - Statistics

General Stats
  • This quiz has been taken 113 times
  • The average score is 21 of 34
Answer Stats
Player % Correct
Virgil van Dijk
91%
Memphis Depay
90%
Arda Güler
84%
Stefan de Vrij ¹
83%
Denzel Dumfries
82%
Cody Gakpo
81%
Micky van de Ven
81%
Xavi Simons
81%
Kenan Yıldız
77%
Bart Verbruggen
74%
Barış Alper Yılmaz
73%
Hakan Çalhanoğlu
73%
Nathan Aké
71%
Ronald Koeman
68%
Wout Weghorst
66%
Steven Bergwijn
62%
Tijjani Reijnders
62%
Ferdi Kadıoğlu
60%
Jerdy Schouten
59%
Jeremie Frimpong
59%
Vincenzo Montella
58%
Mert Günok
57%
Mert Müldür
54%
Joey Veerman
53%
Abdülkerim Bardakcı
49%
Kaan Ayhan
48%
Cenk Tosun
47%
Kerem Aktürkoğlu
47%
Salih Özcan
47%
Samet Akaydin ¹
44%
Zeki Çelik
43%
Joshua Zirkzee
42%
Semih Kılıçsoy
40%
Okay Yokuşlu
32%
No matching quizzes found
Score Distribution
Percent of People with Each Score
Percentile by Number Answered
Your Score History
You have not taken this quiz